[Event "World Cities Team GpE"]
[Site "Al-Ain UAE"]
[Date "2012.12.22"]
[Round "1.7"]
[White "Golizadeh, Asghar"]
[Black "Edouard, Romain"]
[Result "0-1"]
[WhiteTitle "GM"]
[BlackTitle "GM"]
[WhiteElo "2476"]
[BlackElo "2686"]
[WhiteTeam "Tehran"]
[BlackTeam "Paris"]
[WhiteFideId "12505269"]
[BlackFideId "633429"]
[EventDate "2012.12.22"]

1. e4 c5 2. Nf3 d6 3. d4 cxd4 4. Nxd4 Nf6 5. Nc3 Nc6 6. Bc4 Qb6 7. Nde2 e6 8.
O-O Be7 9. Bb3 a6 10. Kh1 O-O 11. Ng3 Na5 12. Bg5 h6 13. Bxf6 Bxf6 14. Nh5 Bxc3
15. bxc3 g6 16. f4 Nxb3 17. axb3 gxh5 18. Qxh5 Kh7 19. Rf3 Qd8 20. Rd1 Qf6 21.
Rxd6 Rg8 22. Rf1 b5 23. Qe2 Bb7 24. f5 Qe5 25. Rd4 exf5 26. Rxf5 Qxf5 27. exf5
Rae8 28. Qxe8 Rxe8 29. Kg1 Be4 30. Rd7 Kg7 0-1

[Event "World Cities Team GpE"]
[Site "Al-Ain UAE"]
[Date "2012.12.22"]
[Round "1.8"]
[White "Hamdouchi, Hicham"]
[Black "Mahjoob, Morteza"]
[Result "1/2-1/2"]
[WhiteTitle "GM"]
[BlackTitle "GM"]
[WhiteElo "2610"]
[BlackElo "2426"]
[WhiteTeam "Paris"]
[BlackTeam "Tehran"]
[WhiteFideId "9000011"]
[BlackFideId "12500798"]
[EventDate "2012.12.22"]

1. e4 c5 2. Nf3 Nc6 3. d4 cxd4 4. Nxd4 g6 5. Be2 Bg7 6. Nb3 Nf6 7. Nc3 O-O 8.
O-O d6 9. Re1 Be6 10. Bg5 a5 11. a4 h6 12. Bh4 Rc8 13. Bb5 Nd7 14. f4 Nb4 15.
Kh1 Bxb3 16. cxb3 Bxc3 17. bxc3 Rxc3 18. e5 d5 19. Qg4 Nc5 20. f5 Kh7 21. e6 Ne4
22. Rad1 Qc7 23. exf7 g5 24. Rxe4 dxe4 25. Bxg5 Qb6 26. Qxe4 Kg7 27. Qe5+ Kh7
28. f6 exf6 29. Bxf6 Kg6 30. Be7 Rxf7 31. Rd4 Kh7 32. Qe4+ Kg8 33. Qg6+ Rg7 34.
Qe4 Rf7 35. Qg4+ Kh8 36. Qd1 1/2-1/2

[Event "World Cities Team GpF"]
[Site "Al-Ain UAE"]
[Date "2012.12.22"]
[Round "1.2"]
[White "Ji, Dan"]
[Black "Markus, Robert"]
[Result "1-0"]
[BlackTitle "GM"]
[WhiteElo "2341"]
[BlackElo "2619"]
[WhiteTeam "Wu Xi"]
[BlackTeam "Novi Sad"]
[WhiteFideId "8601887"]
[BlackFideId "921637"]
[EventDate "2012.12.22"]

1. e4 c5 2. Nf3 e6 3. d4 cxd4 4. Nxd4 a6 5. Bd3 Bc5 6. Nb3 Be7 7. O-O d6 8. Qg4
g6 9. Qe2 Nd7 10. a4 Ne5 11. a5 Nf6 12. Be3 O-O 13. Nc3 Bd7 14. Bb6 Qe8 15. f4
Nxd3 16. cxd3 Bc6 17. Nd4 Nd7 18. Nxc6 bxc6 19. Na4 Qb8 20. Rac1 Qb7 21. d4 Rac8
22. e5 Bd8 23. exd6 Nxb6 24. axb6 Bxb6 25. Nc5 Qa7 26. Qe5 Rce8 27. b4 a5 28.
Ra1 f6 29. Qe4 e5 30. fxe5 fxe5 31. d7 Bxc5 32. dxe8=Q Bxd4+ 33. Kh1 Rxe8 34.
Qxc6 Qe7 35. Rxa5 Kg7 36. Rb5 Kh6 37. Rb7 Qe6 38. Qe4 Kg5 39. Rxh7 1-0

[Event "World Cities Team GpF"]
[Site "Al-Ain UAE"]
[Date "2012.12.22"]
[Round "1.3"]
[White "Perunovic, Milos"]
[Black "Li, Wenliang"]
[Result "1-0"]
[WhiteTitle "GM"]
[BlackTitle "IM"]
[WhiteElo "2614"]
[BlackElo "2424"]
[WhiteTeam "Novi Sad"]
[BlackTeam "Wu Xi"]
[WhiteFideId "921629"]
[BlackFideId "8600490"]
[EventDate "2012.12.22"]

1. e4 e5 2. Nf3 Nc6 3. Nc3 Nf6 4. Bb5 Bd6 5. d3 h6 6. a3 a6 7. Bc4 Bc5 8. Ne2
O-O 9. Ng3 d6 10. c3 Ba7 11. Ba2 Ne7 12. O-O Ng6 13. Re1 c6 14. h3 Re8 15. d4
Be6 16. Bxe6 Rxe6 17. Be3 Re8 18. Qb3 Qc7 19. Rad1 b5 20. dxe5 dxe5 21. Bxa7
Rxa7 22. c4 Raa8 23. Nf5 Rad8 24. Rc1 Qd7 25. Qe3 Qe6 26. cxb5 cxb5 27. Rc5 Rc8
28. b4 Rxc5 29. bxc5 Ne7 30. Nd6 Rb8 31. Rd1 Nc6 32. Nf5 Ne8 33. Rb1 a5 34. Qd2
b4 35. axb4 Rxb4 36. Qd3 1-0

[Event "World Cities Team GpF"]
[Site "Al-Ain UAE"]
[Date "2012.12.22"]
[Round "1.4"]
[White "Fang, Yuxiang"]
[Black "Sedlak, Nikola"]
[Result "0-1"]
[BlackTitle "GM"]
[WhiteElo "2103"]
[BlackElo "2572"]
[WhiteTeam "Wu Xi"]
[BlackTeam "Novi Sad"]
[WhiteFideId "8605840"]
[BlackFideId "922900"]
[EventDate "2012.12.22"]

1. d4 e6 2. Nf3 f5 3. c4 Nf6 4. g3 c6 5. Bg2 d5 6. O-O Bd6 7. b3 Qe7 8. Bb2 O-O
9. Qc1 b5 10. a4 bxa4 11. bxa4 Ba6 12. Nbd2 Nbd7 13. Ba3 Rab8 14. Bxd6 Qxd6 15.
c5 Qc7 16. Re1 f4 17. e4 fxe3 18. Rxe3 e5 19. Nxe5 Nxe5 20. Rxe5 Ng4 21. Nf3
Rxf3 22. Bxf3 Nxe5 23. dxe5 Qxe5 24. Rb1 Rf8 25. Bg2 Bd3 26. Qe1 Re8 27. Qxe5
Rxe5 28. Rb8+ Kf7 29. h4 Re1+ 30. Kh2 Rc1 31. Rb7+ Kf6 32. Rxa7 Rxc5 33. a5 Rc2
34. Rc7 Ke5 35. Kg1 Kd6 36. Rxg7 Ra2 37. g4 Rxa5 38. h5 c5 39. Rg8 c4 40. Rd8+
Ke5 41. g5 c3 42. Re8+ Kd4 43. Re1 c2 44. f4 Rb5 45. g6 Rb1 0-1

[Event "World Cities Team GpF"]
[Site "Al-Ain UAE"]
[Date "2012.12.22"]
[Round "1.7"]
[White "Tiviakov, Sergei"]
[Black "Ezat, Mohamed"]
[Result "1-0"]
[WhiteTitle "GM"]
[BlackTitle "IM"]
[WhiteElo "2663"]
[BlackElo "2450"]
[WhiteTeam "Hoogeveen"]
[BlackTeam "Cairo"]
[WhiteFideId "1008013"]
[BlackFideId "10600906"]
[EventDate "2012.12.22"]

1. e4 g6 2. d4 Bg7 3. c3 d5 4. Nd2 dxe4 5. Nxe4 Bf5 6. Ng3 Be6 7. N1e2 Nf6 8.
Nf4 Bd5 9. Nxd5 Qxd5 10. Be2 c6 11. O-O O-O 12. Bf3 Qd6 13. Qb3 Qc7 14. Re1 Re8
15. Bg5 Nbd7 16. Ne4 e6 17. Bh4 Nxe4 18. Rxe4 Qb6 19. Qc2 a5 20. Rd1 Nf6 21. Re2
Nd5 22. a3 Rac8 23. Bg5 h6 24. Bc1 Red8 25. g3 c5 26. dxc5 Qxc5 27. Qb3 b5 28.
Red2 b4 29. cxb4 Qxc1 30. Rxc1 Rxc1+ 31. Rd1 Rxd1+ 32. Bxd1 axb4 33. a4 Nc7 34.
Qc2 Be5 35. Be2 Rd5 36. Bf3 Ra5 37. Qc6 Kg7 38. b3 Nd5 39. Qb7 Bc3 40. Bg4 Kg8
41. Be2 Kg7 42. Bg4 Kg8 43. Qc8+ Kg7 44. Bxe6 Ne7 45. Qe8 1-0

[Event "World Cities Team GpF"]
[Site "Al-Ain UAE"]
[Date "2012.12.22"]
[Round "1.8"]
[White "Labib, Ibrahim Hasan"]
[Black "Smeets, Jan"]
[Result "0-1"]
[WhiteTitle "IM"]
[BlackTitle "GM"]
[WhiteElo "2432"]
[BlackElo "2614"]
[WhiteTeam "Cairo"]
[BlackTeam "Hoogeveen"]
[WhiteFideId "10600426"]
[BlackFideId "1007246"]
[EventDate "2012.12.22"]

1. Nf3 Nf6 2. c4 e6 3. d4 d5 4. Bg5 h6 5. Bxf6 Qxf6 6. Nbd2 g6 7. g3 Bg7 8. Qa4+
Nd7 9. Ne5 Qe7 10. f4 O-O 11. Bg2 Nxe5 12. fxe5 c5 13. Qa3 Qc7 14. e3 cxd4 15.
exd4 dxc4 16. Rc1 Qb6 17. Rxc4 a5 18. Qb3 Qa7 19. Qe3 Bd7 20. Rc7 Rad8 21. Rxb7
Qa6 22. Nb3 Bc6 23. Ra7 Qxa7 24. Bxc6 Qb6 25. Qc3 Rc8 26. Nxa5 Rfd8 27. b4 Rxd4
28. b5 Bxe5 29. Nc4 Qc5 0-1

[Event "World Cities Team GpA"]
[Site "Al-Ain UAE"]
[Date "2012.12.23"]
[Round "2.1"]
[White "Murshed, Niaz"]
[Black "Short, Nigel D"]
[Result "0-1"]
[WhiteTitle "GM"]
[BlackTitle "GM"]
[WhiteElo "2464"]
[BlackElo "2692"]
[WhiteTeam "Dhaka"]
[BlackTeam "London"]
[WhiteFideId "10200010"]
[BlackFideId "400025"]
[EventDate "2012.12.22"]

1. d4 e6 2. g3 c5 3. Nf3 b5 4. Bg2 Bb7 5. c3 Na6 6. O-O Be7 7. Na3 Qb6 8. dxc5
Nxc5 9. Be3 a5 10. b4 axb4 11. cxb4 Rxa3 12. bxc5 Qa6 13. Ne5 Nf6 14. Bxb7 Qxb7
15. Qc1 Ra6 16. Bd4 O-O 17. Qb2 Rfa8 18. Nd3 Ra4 19. Be5 h5 20. Rfb1 Qe4 21. Qd2
Qc6 22. Qb2 Ng4 23. Bc3 Bxc5 24. Nxc5 Qxc5 25. e3 f6 26. h3 Nh6 27. Rd1 Qf5 28.
Rxd7 Qxh3 29. Bxf6 gxf6 0-1

[Event "World Cities Team GpA"]
[Site "Al-Ain UAE"]
[Date "2012.12.23"]
[Round "2.2"]
[White "Howell, David W L"]
[Black "Rahman, Ziaur"]
[Result "1/2-1/2"]
[WhiteTitle "GM"]
[BlackTitle "GM"]
[WhiteElo "2634"]
[BlackElo "2518"]
[WhiteTeam "London"]
[BlackTeam "Dhaka"]
[WhiteFideId "410608"]
[BlackFideId "10200037"]
[EventDate "2012.12.22"]

1. e4 c5 2. Nf3 e6 3. g3 Nc6 4. Bg2 Nf6 5. Qe2 d5 6. exd5 Nxd5 7. O-O Be7 8. Rd1
Bf6 9. Nc3 O-O 10. Ne4 Nd4 11. Nxd4 cxd4 12. c4 Nb4 13. Nxf6+ Qxf6 14. d3 Nc6
15. Rb1 a5 16. b3 e5 17. a3 b6 18. b4 axb4 19. axb4 Bb7 20. Re1 Qg6 21. h4 h6
22. h5 Qf5 23. Qe4 Qxh5 24. Bf3 Qg6 25. Qxg6 fxg6 26. Bd5+ Kh7 27. b5 Nd8 28.
Rxe5 Nf7 29. Re4 Bxd5 30. cxd5 g5 31. Bb2 Rad8 32. Rxd4 Nd6 33. Ra4 Rf5 34. Ra7
Rf7 35. Ra6 Nxb5 36. Rxb6 Rxd5 37. Ba1 Nd6 38. R1b3 Rd7 1/2-1/2

[Event "World Cities Team GpA"]
[Site "Al-Ain UAE"]
[Date "2012.12.23"]
[Round "2.3"]
[White "Minhazuddin, Ahmed"]
[Black "Williams, Simon K"]
[Result "1/2-1/2"]
[WhiteTitle "IM"]
[BlackTitle "GM"]
[WhiteElo "2401"]
[BlackElo "2515"]
[WhiteTeam "Dhaka"]
[BlackTeam "London"]
[WhiteFideId "10201955"]
[BlackFideId "404454"]
[EventDate "2012.12.22"]

1. e4 c5 2. Nf3 d6 3. d4 cxd4 4. Nxd4 Nf6 5. Nc3 Nc6 6. Bc4 e6 7. Bb3 Be7 8. Be3
O-O 9. Qe2 a6 10. Rg1 Nd7 11. g4 Nc5 12. O-O-O Bd7 13. Nxc6 Nxb3+ 14. cxb3 Bxc6
15. e5 Qc7 16. Bd4 b5 17. Kb1 dxe5 18. Bxe5 Qb7 19. Qe3 a5 20. g5 a4 21. b4 a3
22. Bf6 Rfd8 23. Rxd8+ Bxd8 24. Bxd8 Rxd8 25. bxa3 Bf3 26. Rc1 Bh5 27. Kb2 Qb8
28. h3 Bg6 29. Rd1 Rc8 30. Rd2 Qc7 31. Qc5 Qxc5 32. bxc5 h6 33. gxh6 gxh6 34.
Nxb5 Rxc5 35. a4 Rh5 36. Nd6 Rxh3 37. a5 Rh5 38. Nc4 Rb5+ 39. Kc3 Rb8 40. f3 h5
41. Nb6 h4 42. Rh2 Bh5 43. Rh3 Rb7 44. Kb4 f6 45. a4 e5 46. Kc5 Rc7+ 47. Kb4 Rb7
48. Kc5 Rc7+ 49. Kd6 Ra7 50. Nc4 Be8 51. Rxh4 Bxa4 52. Kc5 Ra6 53. Kb4 Bc6 54.
f4 exf4 55. Rxf4 Kf7 56. Ne5+ Ke6 57. Nxc6 Rxc6 58. Kb5 Rc8 59. a6 f5 60. a7 Ke5
61. Ra4 Ra8 62. Kb6 f4 63. Kb7 Rxa7+ 64. Rxa7 f3 65. Kc6 Ke4 66. Kc5 f2 67. Rf7 1/2-1/2

[Event "World Cities Team GpA"]
[Site "Al-Ain UAE"]
[Date "2012.12.23"]
[Round "2.4"]
[White "Zhou, Yang-Fan"]
[Black "Abu Sufian, Shakil"]
[Result "1-0"]
[WhiteTitle "IM"]
[BlackTitle "IM"]
[WhiteElo "2419"]
[BlackElo "2364"]
[WhiteTeam "London"]
[BlackTeam "Dhaka"]
[WhiteFideId "468584"]
[BlackFideId "10200916"]
[EventDate "2012.12.22"]

1. e4 d5 2. exd5 Qxd5 3. Nc3 Qa5 4. Bc4 Nf6 5. d3 c6 6. Bd2 Qc7 7. Qe2 Bf5 8. h3
h5 9. Nf3 Nbd7 10. Ne4 e6 11. Neg5 Nd5 12. Bxd5 cxd5 13. Nd4 Qe5 14. Qxe5 Nxe5
15. Nxf5 exf5 16. O-O-O f6 17. Rhe1 Kd7 18. d4 Nc6 19. Ne6 g5 20. h4 Re8 21.
Nxf8+ Rhxf8 22. hxg5 Rxe1 23. Rxe1 fxg5 24. Bxg5 Rg8 25. f4 Nxd4 26. Re7+ Kc6
27. c3 Nb5 28. Re6+ Kd7 29. Rh6 Re8 30. Kd2 Nd6 31. b3 Ne4+ 32. Kd3 Ng3 33. Bh4
Ne2 34. g3 Nc1+ 35. Kd2 Nxa2 36. Rxh5 Rc8 37. Bf6 a5 38. Bd4 Rg8 39. Rxf5 Rxg3
40. Rxd5+ Kc6 41. Rc5+ Kd6 42. Rxa5 Rg2+ 43. Kd3 Nc1+ 44. Kc4 Rg4 45. Be5+ Kd7
46. Rb5 Kc8 47. Kd4 Rg3 48. f5 Ne2+ 49. Kd5 Rf3 50. f6 Ng1 51. Ke6 Nh3 52. Ke7 1-0

[Event "World Cities Team GpA"]
[Site "Al-Ain UAE"]
[Date "2012.12.23"]
[Round "2.6"]
[White "Tikkanen, Hans"]
[Black "Hassan, Abdullah"]
[Result "1-0"]
[WhiteTitle "GM"]
[BlackTitle "IM"]
[WhiteElo "2575"]
[BlackElo "2378"]
[WhiteTeam "Lund-Linkoping"]
[BlackTeam "Al Ain"]
[WhiteFideId "1706446"]
[BlackFideId "9300481"]
[EventDate "2012.12.22"]

1. c4 b6 2. Nc3 Bb7 3. e4 e6 4. Nge2 Bb4 5. g3 f5 6. d3 fxe4 7. Bg2 Nf6 8. O-O
Nc6 9. dxe4 O-O 10. h3 Ne5 11. b3 Nh5 12. Bb2 Nf3+ 13. Kh1 Qe8 14. a3 Bxc3 15.
Nxc3 Ng5 16. h4 Qg6 17. hxg5 Qxg5 18. Ne2 Nf6 19. Bxf6 Rxf6 20. Kg1 Raf8 21. f4
Qc5+ 22. Qd4 Qh5 23. Bf3 Qg6 24. Kf2 d6 25. Qe3 e5 26. f5 Qe8 27. g4 h6 28. g5
hxg5 29. Qxg5 Qd7 30. Ng3 b5 31. Rg1 bxc4 32. Nh5 Rxf5 33. exf5 Rxf5 34. Nf6+ 1-0

[Event "World Cities Team GpA"]
[Site "Al-Ain UAE"]
[Date "2012.12.23"]
[Round "2.7"]
[White "Omar, Noaman"]
[Black "Carlsson, Pontus"]
[Result "0-1"]
[WhiteTitle "IM"]
[BlackTitle "GM"]
[WhiteElo "2316"]
[BlackElo "2518"]
[WhiteTeam "Al Ain"]
[BlackTeam "Lund-Linkoping"]
[WhiteFideId "9300244"]
[BlackFideId "1705814"]
[EventDate "2012.12.22"]

1. d4 d5 2. c4 c6 3. Nc3 Nf6 4. cxd5 cxd5 5. Bf4 Qb6 6. a3 Qxb2 7. Na4 Qb5 8. e4
Qa5+ 9. Bd2 Qd8 10. e5 Ne4 11. Bd3 Nc6 12. Ne2 Nxd2 13. Qxd2 e6 14. O-O Be7 15.
f4 O-O 16. Rf3 f5 17. exf6 Bxf6 18. Bc2 g6 19. Qd3 Bg7 20. Rd1 b6 21. Nac3 Bd7
22. Nb1 Rc8 23. Nd2 Nxd4 24. Nxd4 Bxd4+ 25. Qxd4 Rxc2 26. Nf1 Rc4 27. Qd2 Qc7
28. Ne3 Rcxf4 29. Rxf4 Qxf4 30. h3 Bb5 31. Re1 d4 0-1

[Event "World Cities Team GpA"]
[Site "Al-Ain UAE"]
[Date "2012.12.23"]
[Round "2.8"]
[White "Smith, Axel"]
[Black "Khouri, Ibrahim Mohamed"]
[Result "1/2-1/2"]
[WhiteTitle "IM"]
[BlackTitle "FM"]
[WhiteElo "2484"]
[BlackElo "2252"]
[WhiteTeam "Lund-Linkoping"]
[BlackTeam "Al Ain"]
[WhiteFideId "1707930"]
[BlackFideId "9301526"]
[EventDate "2012.12.22"]

1. c4 Nf6 2. Nc3 e6 3. e4 d5 4. e5 d4 5. exf6 dxc3 6. bxc3 Qxf6 7. d4 c5 8. Nf3
cxd4 9. Bg5 Qf5 10. cxd4 Bb4+ 11. Bd2 Nc6 12. Bxb4 Nxb4 13. Rb1 Qa5 14. Qd2 Nc6
15. Bd3 O-O 16. Be4 Rd8 17. Bxc6 Qxd2+ 18. Kxd2 bxc6 19. Kc3 f6 20. Rb2 c5 21.
dxc5 e5 22. Rd2 Bb7 23. Rhd1 Rdc8 24. Nh4 Kf8 25. Nf5 Bxg2 26. Nxg7 Bh3 27. Rd3
Kxg7 28. Rxh3 Rxc5 29. Rd7+ Kg6 30. Rg3+ Kf5 31. Rxh7 Rac8 32. Rh4 Ra5 33. Rh6
Rxa2 34. Rf3+ Ke4 35. Rfxf6 Ra3+ 36. Kb4 Ra2 37. Rh4+ Kd3 38. Rh3+ Kc2 39. Rc3+
Kb2 40. Rb3+ Kc2 41. Rc3+ Kb2 42. Rb3+ 1/2-1/2

[Event "World Cities Team GpB"]
[Site "Al-Ain UAE"]
[Date "2012.12.23"]
[Round "2.4"]
[White "Skoberne, Jure"]
[Black "Iuldachev, Saidali"]
[Result "1/2-1/2"]
[WhiteTitle "GM"]
[BlackTitle "GM"]
[WhiteElo "2549"]
[BlackElo "2455"]
[WhiteTeam "Ptuj"]
[BlackTeam "Tashkent"]
[WhiteFideId "14604299"]
[BlackFideId "14200104"]
[EventDate "2012.12.22"]

1. Nf3 Nf6 2. c4 g6 3. g3 Bg7 4. Bg2 O-O 5. O-O d6 6. d4 Nbd7 7. Nc3 e5 8. e4 c6
9. h3 Qb6 10. Re1 exd4 11. Nxd4 Ne8 12. Nb3 Ne5 13. c5 dxc5 14. Be3 Be6 15. Na4
Qc7 16. Nbxc5 Bc8 17. Rc1 b5 18. Nc3 Nc4 19. Bf4 Qe7 20. Nd3 g5 21. Be3 Nxe3 22.
Rxe3 Bd4 23. Re2 b4 24. Na4 Ba6 25. Rd2 Bxd3 26. Rxd3 c5 27. Qc2 Rd8 28. Nxc5
Ng7 29. Rcd1 Bxc5 30. Rxd8 Bxf2+ 31. Qxf2 Rxd8 32. Rxd8+ Qxd8 33. Qxa7 Ne6 34.
Qf2 Qa5 35. Qd2 h5 36. Bf3 Qe5 37. Qf2 h4 38. Bh5 hxg3 39. Qxf7+ Kh8 40. Qe8+
Kg7 41. Qf7+ Kh8 1/2-1/2

[Event "World Cities Team GpB"]
[Site "Al-Ain UAE"]
[Date "2012.12.23"]
[Round "2.7"]
[White "Navalgund, Niranjan"]
[Black "Shaposhnikov, Evgeny"]
[Result "1/2-1/2"]
[BlackTitle "GM"]
[WhiteElo "2169"]
[BlackElo "2544"]
[WhiteTeam "Chennai"]
[BlackTeam "Saratov"]
[WhiteFideId "5030854"]
[BlackFideId "4122232"]
[EventDate "2012.12.22"]

1. d4 Nf6 2. c4 e6 3. g3 Bb4+ 4. Bd2 Be7 5. Bg2 d5 6. Nf3 O-O 7. O-O c6 8. Qb3
a5 9. cxd5 a4 10. Qc2 cxd5 11. Nc3 Bd7 12. Ne5 Nc6 13. Nxd7 Qxd7 14. e3 Rfc8 15.
Qd1 Bb4 16. a3 Bxc3 17. Bxc3 Ne4 18. Be1 Nd6 19. Qd3 Na5 20. f3 Nb3 21. Rd1 Rc4
22. Rf2 Rac8 23. Bf1 R8c6 24. Bb4 Qc7 25. Re1 h6 26. Rg2 Nf5 27. Qd1 Rc1 28. Qd3
Rxe1 29. Bxe1 Rc1 30. Bc3 Ra1 31. e4 Nc1 32. Qd2 Nd6 33. exd5 exd5 34. Qc2 Qe7
35. Kf2 Nc4 36. Bxc4 dxc4 37. Qe4 Nd3+ 38. Ke3 Qg5+ 39. f4 Qg4 40. Qe8+ Kh7 41.
Qxf7 Ne1 42. Rf2 Rd1 43. Ke4 Nd3 44. Rf3 Ne1 45. Rf2 Nd3 46. Rf3 Ne1 47. Bxe1
Rxe1+ 48. Re3 Rb1 49. Qf5+ Qxf5+ 50. Kxf5 Rxb2 51. d5 Rb3 52. Re7 Rxa3 53. Rxb7
Rd3 54. Ke4 Rd1 55. Rb2 a3 56. Rc2 Kg6 57. Ke5 c3 58. Kd6 Kf5 59. Kc5 Ke4 60.
Kc4 Rxd5 61. Re2+ Kf3 62. Ra2 Rd2 63. Rxa3 Rxh2 64. Rxc3+ Kg4 65. Kd4 Rd2+ 66.
Ke5 Re2+ 67. Kd5 g5 68. Rc6 Rh2 69. Ke4 Re2+ 70. Kd5 gxf4 71. gxf4 h5 72. Rh6
Re8 73. f5 Kg5 74. Rh7 Re1 75. f6 Kg6 76. Rh8 Rf1 77. Rg8+ Kf7 78. Rh8 Rf5+ 79.
Ke4 Rxf6 80. Rxh5 Re6+ 1/2-1/2

[Event "World Cities Team GpC"]
[Site "Al-Ain UAE"]
[Date "2012.12.23"]
[Round "2.1"]
[White "Miezis, Normunds"]
[Black "Wallis, Christopher"]
[Result "1-0"]
[WhiteTitle "GM"]
[BlackTitle "FM"]
[WhiteElo "2596"]
[BlackElo "2283"]
[WhiteTeam "Riga"]
[BlackTeam "Canberra"]
[WhiteFideId "11600136"]
[BlackFideId "3204839"]
[EventDate "2012.12.22"]

1. c4 e6 2. e4 d5 3. exd5 exd5 4. d4 Nf6 5. Nc3 Be7 6. Nf3 O-O 7. Be2 Be6 8.
cxd5 Nxd5 9. O-O Nc6 10. Re1 Re8 11. h3 a6 12. Bd3 Qd7 13. Ne4 h6 14. a3 Nf6 15.
Ng3 Rad8 16. Be3 Bd6 17. Qc2 Bxg3 18. fxg3 Nd5 19. Bf2 Nde7 20. Rac1 Bf5 21.
Bxf5 Nxf5 22. Rxe8+ Rxe8 23. Qc5 Nfe7 24. Re1 Rd8 25. g4 f6 26. Nh4 Qd5 27. Qc3
g5 28. Nf3 Kf7 29. Kh2 Nc8 30. Bg3 Nd6 31. Qc2 Rh8 32. b4 h5 33. gxh5 Rxh5 34.
Qc5 Qxc5 35. bxc5 Ne8 36. d5 Nd8 37. d6 cxd6 38. cxd6 Ne6 39. d7 N8g7 40. Bc7
Rh8 41. Bb6 Ke7 42. d8=Q+ Rxd8 43. Bxd8+ Kxd8 44. Nd2 f5 45. Nf3 Kd7 46. g3 Kc6
47. h4 g4 48. Ng5 Nxg5 49. hxg5 Kd6 50. g6 b5 51. Kg2 a5 52. Kf2 b4 53. axb4
axb4 54. Re3 b3 55. Rxb3 Ke5 56. Rb6 Nh5 57. Ke3 Ng7 58. Kd3 Nh5 59. Kc4 Ng7 60.
Ra6 Nh5 61. Rc6 Ng7 62. Kb5 Nh5 63. Kb6 Ke4 64. Rc5 Ng7 65. Rc7 Nh5 66. Rh7 Nf6
67. Rf7 Nh5 68. Kc6 f4 69. Rxf4+ Ke5 70. Rf8 Ke6 71. Rf2 Ng7 72. Kc5 Nh5 73. Kd4
Ng7 74. Ke3 Nh5 75. Rf7 Nxg3 76. Kf4 Nh5+ 77. Kxg4 Nf6+ 78. Kg5 1-0

[Event "World Cities Team GpC"]
[Site "Al-Ain UAE"]
[Date "2012.12.23"]
[Round "2.2"]
[White "Feldman, Vladimir"]
[Black "Neiksans, Arturs"]
[Result "1/2-1/2"]
[WhiteTitle "IM"]
[BlackTitle "GM"]
[WhiteElo "2230"]
[BlackElo "2534"]
[WhiteTeam "Canberra"]
[BlackTeam "Riga"]
[WhiteFideId "3201791"]
[BlackFideId "11601388"]
[EventDate "2012.12.22"]

1. d4 Nf6 2. Nf3 e6 3. g3 b6 4. Bg2 Bb7 5. O-O c5 6. dxc5 bxc5 7. c4 Be7 8. Nc3
O-O 9. Qc2 Nc6 10. Rd1 Qb6 11. Bg5 Rfd8 12. a3 Na5 13. Nd2 Bxg2 14. Kxg2 Rab8
15. Rab1 Qc6+ 16. Kg1 d5 17. cxd5 exd5 18. b3 h6 19. Bxf6 Bxf6 20. e4 dxe4 21.
Ncxe4 Bd4 22. Rdc1 Qd5 23. b4 cxb4 24. axb4 Nb7 25. Nb3 Bb6 26. Nec5 Nxc5 27.
bxc5 Bc7 28. Rd1 Qf3 29. Rxd8+ Rxd8 30. Re1 g6 31. Nd2 Qc6 32. Qc3 Rd5 33. Ne4
Re5 34. Qb4 f5 35. Nd6 Bxd6 36. cxd6 Rxe1+ 37. Qxe1 Qxd6 38. Qa5 Qd7 39. h4 Kh7
40. Qa6 h5 41. Qa5 Qb7 42. Qd8 Qf7 43. Qa5 Qe7 44. Qa6 Qc7 45. Kg2 Qb6 46. Qc8
Kg7 47. Qe8 Qb7+ 48. Kh2 Qc7 49. Qa4 a5 50. Qd4+ Kh7 51. Kg1 Qe7 52. Kh2 Qg7 53.
Qa4 Qa7 54. Kg1 Qc7 55. Qd4 Qb7 56. Kh2 Qe7 57. Qa4 Qe5 58. Qd7+ Kh6 59. Qa4 Qc5
60. Kg1 Qb6 61. Qe8 Qf6 62. Qe3+ f4 63. gxf4 Qxh4 64. Qe5 Qd8 65. Qb5 Kg7 66.
Qb7+ Kf6 67. Qb2+ Kf7 68. Qb3+ Kg7 69. Qb7+ Kh6 70. Qb5 Qd1+ 71. Kh2 Qd4 72.
Qg5+ Kh7 73. Qe7+ Qg7 74. Qa3 Qc7 75. Kg2 Qb7+ 76. Kg3 Qb4 77. Qd3 Qe7 78. Qb5
Qa3+ 79. f3 Qa1 80. Qd7+ Qg7 81. Qb5 Qc7 82. Qe8 Kg7 83. Qb5 Qa7 84. Qa4 Qg1+
85. Kh3 Qh1+ 86. Kg3 h4+ 87. Kg4 Qh2 88. Qd4+ Kf7 89. Qd7+ 1/2-1/2

[Event "World Cities Team GpC"]
[Site "Al-Ain UAE"]
[Date "2012.12.23"]
[Round "2.4"]
[White "Berezina, Irina"]
[Black "Starostits, Ilmars"]
[Result "0-1"]
[WhiteTitle "IM"]
[BlackTitle "GM"]
[WhiteElo "2190"]
[BlackElo "2468"]
[WhiteTeam "Canberra"]
[BlackTeam "Riga"]
[WhiteFideId "3201937"]
[BlackFideId "11600748"]
[EventDate "2012.12.22"]

1. d4 d5 2. g3 Bf5 3. Bg2 Nc6 4. Nf3 Nf6 5. O-O e6 6. b3 a5 7. a3 Be7 8. Bb2 Ne4
9. Nbd2 h5 10. Ne5 Nxe5 11. dxe5 Nxd2 12. Qxd2 h4 13. Rfd1 hxg3 14. hxg3 c6 15.
b4 Qc7 16. Bd4 O-O 17. Bf3 b6 18. Bb2 b5 19. Kg2 axb4 20. axb4 Ra4 21. Rxa4 bxa4
22. g4 Bg6 23. Rh1 a3 24. Ba1 a2 25. c4 Qa7 26. c5 Qa3 27. Rh3 Qb3 28. Qf4 Qb1
29. Rh1 f5 30. g5 Rb8 31. Qh4 Qxb4 32. e4 Bxc5 33. exd5 cxd5 34. Qh2 Kf7 35. Rc1
Rc8 36. Bc3 Qxc3 0-1

[Event "World Cities Team GpC"]
[Site "Al-Ain UAE"]
[Date "2012.12.23"]
[Round "2.5"]
[White "Papaioannou, Ioannis"]
[Black "Moiseenko, Alexander"]
[Result "1-0"]
[WhiteTitle "GM"]
[BlackTitle "GM"]
[WhiteElo "2618"]
[BlackElo "2710"]
[WhiteTeam "Athens"]
[BlackTeam "Lviv"]
[WhiteFideId "4201345"]
[BlackFideId "14102560"]
[EventDate "2012.12.22"]

1. d4 Nf6 2. c4 e6 3. g3 d5 4. Bg2 dxc4 5. Nf3 Nc6 6. Qa4 Bb4+ 7. Bd2 Nd5 8.
Bxb4 Nxb4 9. Nc3 Bd7 10. O-O a5 11. Qb5 Nxd4 12. Qxc4 Nxf3+ 13. Bxf3 Bc6 14.
Rfd1 Qe7 15. a3 Nd5 16. Nxd5 exd5 17. Bxd5 Bxd5 18. Rxd5 c6 19. Rd4 O-O 20. Rad1
Rfd8 21. e3 g6 22. h4 h5 23. Qb3 Kg7 24. Qd3 Rxd4 25. Qxd4+ Kg8 26. Qb6 Kg7 27.
Rd2 Ra6 28. Qb3 a4 29. Qc3+ Kg8 30. Rd4 Ra8 31. Qc2 Qf6 32. Rf4 Qe5 33. Rb4 Ra7
34. Re4 Qf6 35. Re8+ Kh7 36. Qc5 b6 37. Qxb6 Rd7 38. Re4 Rd2 39. Rf4 Qe6 40. Qb4
Rc2 41. Qf8 f5 42. Rb4 Qd7 43. Rd4 Qb7 44. Rd8 Rc1+ 45. Kh2 Qg7 46. Qd6 1-0